[Event "ADCF Masters"]
[Site "Abu Dhabi UAE"]
[Date "2001.08.30"]
[Round "6"]
[White "Ibrahim,I"]
[Black "Mirzoeva,E"]
[Result "0-1"]
[WhiteElo "2136"]
[BlackElo "2260"]

1.e4 c5 2.c3 Nf6 3.e5 Nd5 4.d4 cxd4 5.Nf3 Nc6 6.Bc4 Nb6 7.Bb3 g6 8.cxd4 Bg7
9.O-O O-O 10.Re1 d6 11.Qe2 Bg4 12.e6 Nxd4 13.exf7+ Kh8 14.Qe4 Bxf3 15.gxf3 d5
16.Qd3 Rxf7 17.f4 e5 18.Bd2  0-1

[Event "21st Open"]
[Site "Bratto ITA"]
[Date "2001.08.30"]
[Round "9"]
[White "Vancini,E"]
[Black "Agnelli,F"]
[Result "1-0"]
[WhiteElo "2358"]
[BlackElo "2132"]

1.e4 c5 2.c3 Nf6 3.e5 Nd5 4.d4 cxd4 5.Nf3 e6 6.cxd4 Qc7 7.a3 b6 8.Nbd2 Be7
9.Ne4 f5 10.exf6 Nxf6 11.Nc3 Bb7 12.Bg5 O-O 13.Rc1 Qd8 14.Be2 Na6 15.O-O Nc7
16.Ne5 Ncd5 17.Bf3 Nxc3 18.Rxc3 Bxf3 19.Rxf3 Rc8 20.Qa4 Rc7 21.Rc1 Rxc1+
22.Bxc1 Qc7 23.Rc3 Qb7 24.Bg5 Qe4 25.Qd1 Nd5 26.Bxe7 Nxc3 27.bxc3 Re8 28.Bg5 d6
29.Nf3 Rc8 30.Bd2 h6 31.h3 Rf8 32.Qa4 Qg6 33.Qc6 d5 34.Kh2 Rf6 35.Qc7 Kh7
36.Bf4 Qd3 37.Be5 Rg6 38.Nh4 Rg5 39.Bf6  1-0

[Event "EYCC B18"]
[Site "Halkidiki GRE"]
[Date "2001.08.31"]
[Round "1"]
[White "Hindermann,F"]
[Black "Khismatullin,D"]
[Result "0-1"]
[WhiteElo "2203"]
[BlackElo "2446"]

1.e4 c5 2.c3 Nf6 3.e5 Nd5 4.d4 cxd4 5.Qxd4 e6 6.Nf3 Nc6 7.Qe4 d6 8.Nbd2 dxe5
9.Nxe5 Bd6 10.Nxc6 bxc6 11.g3 O-O 12.Bg2 e5 13.O-O Qc7 14.c4 Ne7 15.b3 Be6
16.Bb2 f5 17.Qe3 e4 18.f3 Rad8 19.Rad1 c5 20.fxe4 f4 21.Qc3 Nc6 22.gxf4 Bxf4
23.Nf3 Rxd1 24.Rxd1 Bg4 25.Rf1 Bxf3 26.Rxf3 Nd4 27.Kh1 Nxf3 28.Bxf3 Re8 29.h3 Be5  0-1

[Event "EYCC B16"]
[Site "Halkidiki GRE"]
[Date "2001.08.31"]
[Round "1"]
[White "Smirnov,Ales"]
[Black "Novikov,S"]
[Result "0-1"]
[WhiteElo "2042"]
[BlackElo "2337"]

1.e4 c5 2.c3 Nf6 3.e5 Nd5 4.d4 cxd4 5.Nf3 Nc6 6.cxd4 d6 7.exd6 Qxd6 8.Nc3 g6
9.Bc4 Nxc3 10.bxc3 Bg7 11.Qb3 O-O 12.Ba3 Qc7 13.Bb5 Be6 14.Qb2 Bd5 15.Be2 Rfe8
16.O-O e5 17.Rfd1 Rad8 18.Rac1 Bxf3 19.Bxf3 exd4 20.cxd4 Rxd4 21.Qb5 a6 22.Qb3 Rxd1+
23.Qxd1 Qa5 24.Bc5 Bb2 25.Rb1 Qxc5 26.Rxb2 Nd4 27.Bxb7 Nc2 28.Rb1 Re1+ 29.Qxe1 Nxe1
30.Rxe1 a5 31.Bf3 Qc2 32.Bd5 Qd2 33.Re8+ Kg7 34.Bc4 Qc2 35.Bf1 Qxa2 36.g3 a4
37.Kg2 a3 38.Re4 Qd5 39.f3 a2 40.Bc4 Qxe4 41.fxe4 a1=Q  0-1

[Event "9th Asian Women"]
[Site "Chennai IND"]
[Date "2001.09.04"]
[Round "2"]
[White "Khamrakulova,I"]
[Black "Nguyen Thi Thanh An"]
[Result "1-0"]
[WhiteElo "2217"]
[BlackElo "2275"]

1.e4 c5 2.c3 Nf6 3.e5 Nd5 4.d4 cxd4 5.Nf3 Nc6 6.cxd4 d6 7.Be2 Bg4 8.O-O e6
9.h3 Bxf3 10.Bxf3 dxe5 11.dxe5 Nxe5 12.Bxd5 exd5 13.Re1 f6 14.f4 Bc5+ 15.Kh1 O-O
16.fxe5 Bf2 17.Re2 fxe5 18.Nc3 d4 19.Ne4 Bh4 20.Bd2 Kh8 21.Bb4 Be7 22.Bxe7 Qxe7
23.Qd3 Rad8 24.Rae1 h6 25.Nd2 Qb4 26.Nf3 e4 27.Qxe4 Rfe8 28.Qd3 Rxe2 29.Rxe2 Qa4
30.Ne5 Qxa2 31.b3 Qa1+ 32.Kh2 Qf1 33.Ng6+ Kh7 34.Nh4+ Kg8 35.Re8+  1-0

[Event "EYCC B18"]
[Site "Halkidiki GRE"]
[Date "2001.09.04"]
[Round "5"]
[White "Kosintseva,T"]
[Black "Lupulescu,C"]
[Result "0-1"]
[WhiteElo "2390"]
[BlackElo "2465"]

1.e4 c5 2.c3 Nf6 3.e5 Nd5 4.Nf3 e6 5.d4 cxd4 6.cxd4 d6 7.Bc4 Nc6 8.O-O Be7
9.Qe2 O-O 10.Qe4 Qc7 11.Bd3 g6 12.Bh6 Rd8 13.Nbd2 b6 14.Rfe1 Ndb4 15.Bf1 dxe5
16.dxe5 Bb7 17.Qb1 Nd4 18.Nxd4 Rxd4 19.Nb3 Rh4 20.Qc1 Qxc1 21.Raxc1 Bd5 22.Be3 Nxa2
23.Rc7 Bd8 24.Rd7 Bxb3 25.g3 Ra4 26.Bd2 Bd5 27.b3 Rd4 28.Be3 Re4 29.Ra1 Nb4
30.Bg2 Rxe5 31.Bd4 Rf5 32.Raxa7 Rc8 33.h4 h5  0-1

[Event "III Sants Hostafrancs Open"]
[Site "Barcelona ESP"]
[Date "2001.09.05"]
[Round "5"]
[White "Jerez Perez,A"]
[Black "Mirzoev,A"]
[Result "0-1"]
[WhiteElo "2370"]
[BlackElo "2516"]

1.e4 c5 2.c3 Nf6 3.e5 Nd5 4.d4 cxd4 5.Nf3 Nc6 6.Bc4 Nb6 7.Bb3 d5 8.exd6 Qxd6
9.O-O Bf5 10.Nxd4 Nxd4 11.cxd4 e6 12.Qf3 Qc6 13.Qg3 Bg6 14.Nc3 Bd6 15.Bf4 Bxf4
16.Qxf4 O-O 17.Rac1 Rfd8 18.Rfd1 Rac8 19.a4 Qe8 20.a5 Nc4 21.Bxc4 Rxc4 22.Qf3 Qc6
23.Qxc6 bxc6 24.Ne2 Rxc1 25.Rxc1 Bd3 26.Kf1 Rxd4 27.Rxc6 g5 28.f3 Rd5 29.Rc3 Ba6
30.b4 Rd2 31.Re3 Rb2 32.Re4 Kg7 33.Ke1 Bxe2 34.Rxe2 Rxb4 35.Re5 Kf6 36.Rc5 Rb2
37.Kf1 Ra2 38.h3 a6 39.Kg1 Kg6 40.Kh2 h5 41.Kg3 h4+ 42.Kh2 Ra1 43.g4 hxg3+
44.Kxg3 Ra4 45.Kf2 Kh5 46.Rc7 f5 47.Re7 Rxa5 48.Rxe6 f4 49.Re2 Ra3 50.Kg2  0-1

[Event "EYCC G18"]
[Site "Halkidiki GRE"]
[Date "2001.09.06"]
[Round "6"]
[White "Goletto,C"]
[Black "Tutulan,M"]
[Result "1/2-1/2"]
[WhiteElo "2117"]
[BlackElo "2023"]

1.e4 c5 2.c3 Nf6 3.e5 Nd5 4.d4 cxd4 5.Nf3 e6 6.cxd4 d6 7.Nc3 Nxc3 8.bxc3 Qc7
9.Bd2 Nd7 10.exd6 Bxd6 11.Bd3 b6 12.O-O Bb7 13.Re1 O-O 14.h3 Bd5 15.Qe2 Rac8
16.Ng5 Nf6 17.Be4 Nxe4 18.Nxe4 Bxe4 19.Qxe4 Qc4 20.Qg4 Kh8 21.Re3 Rc7 22.h4 Qb5
23.Rae1 Rc4 24.Qe4 Ra4 25.Rf3 Kg8 26.Bf4 Bxf4 27.Qxf4 Qd5 28.Re5 Qxa2 29.Rg3 Qb1+
30.Kh2 Ra5 31.Rxa5 bxa5 32.Qe5 g6 33.Qxa5 Qb6  1/2-1/2

[Event "EYCC B16"]
[Site "Halkidiki GRE"]
[Date "2001.09.07"]
[Round "7"]
[White "Jakymov,V"]
[Black "Gajewski,G"]
[Result "1-0"]
[WhiteElo "2281"]
[BlackElo "2357"]

1.e4 c5 2.c3 Nf6 3.e5 Nd5 4.d4 cxd4 5.Qxd4 e6 6.Nf3 Nc6 7.Qe4 f5 8.exf6 Nxf6
9.Qh4 d5 10.Bd3 Bd6 11.Bg5 e5 12.Nbd2 e4 13.Bxe4 dxe4 14.Nxe4 O-O 15.O-O-O Nxe4
16.Bxd8 Bf5 17.Rhe1 Re8 18.Rxd6 Nxd6 19.Rxe8+ Nxe8 20.Qc4+ Kf8 21.Qc5+ Kg8
22.Qd5+ Kh8 23.Qxf5 Nf6 24.Bxf6 Rf8 25.Ng5  1-0

[Event "EYCC G18"]
[Site "Halkidiki GRE"]
[Date "2001.09.08"]
[Round "8"]
[White "Goletto,C"]
[Black "Grapsa,G"]
[Result "1/2-1/2"]
[WhiteElo "2117"]
[BlackElo "2057"]

1.e4 c5 2.c3 Nf6 3.e5 Nd5 4.Nf3 e6 5.d4 cxd4 6.cxd4 d6 7.Bc4 Nc6 8.Qe2 Be7
9.Nc3 Nxc3 10.bxc3 O-O 11.O-O Qc7 12.Bf4 dxe5 13.Nxe5 Nxe5 14.Bxe5 Bd6 15.Bxd6 Qxd6
16.Rad1 Qc7 17.Rfe1 Bd7 18.Bd3 Qxc3 19.Be4 Bc6 20.Rd3 Qa5 21.Rh3 Bxe4 22.Qxe4 g6
23.Rd1 Rad8 24.Qh4 h5 25.g4 Rd5 26.Qf6 Qd8 27.Qxd8 Rfxd8 28.gxh5 gxh5 29.Rdd3 Kf8  1/2-1/2

[Event "9th Asian Women"]
[Site "Chennai IND"]
[Date "2001.09.09"]
[Round "8"]
[White "Kasturi,M"]
[Black "Khan,N"]
[Result "1-0"]
[WhiteElo "2115"]
[BlackElo "2129"]

1.e4 c5 2.c3 Nf6 3.e5 Nd5 4.d4 cxd4 5.cxd4 e6 6.Nf3 Nc6 7.Nc3 Nxc3 8.bxc3 d5
9.Bd3 h6 10.O-O Be7 11.Bc2 a6 12.a4 Na5 13.Qd3 Qc7 14.Nd2 Bd7 15.Ba3 Rc8
16.Bb2 Nc4 17.Nxc4 Qxc4 18.Qg3 Kf8 19.Qf3 Kg8 20.Bd3 Qc7 21.a5 Bc6 22.Qg3 Qd8
23.f4 f6 24.f5 fxe5 25.dxe5 exf5 26.Bxf5 Bd7 27.e6 Be8 28.Bg6 Bh4 29.Bf7+ Bxf7
30.exf7+ Kh7 31.Qd3+ g6 32.Qd4 Rc4 33.Qxh8+ Qxh8 34.f8=Q Qxf8 35.Rxf8 Kg7
36.Raf1 h5 37.R1f7+ Kh6 38.Rh8+ Kg5 39.Bc1+ Kg4 40.h3+  1-0

[Event "ch-UKR"]
[Site "Ordzhonikidze UKR"]
[Date "2001.09.10"]
[Round "3"]
[White "Berelovich,A"]
[Black "Golubev,M"]
[Result "1-0"]
[WhiteElo "2513"]
[BlackElo "2526"]

1.e4 c5 2.c3 Nf6 3.e5 Nd5 4.d4 cxd4 5.Nf3 Nc6 6.Bc4 Nb6 7.Bb3 g6 8.Ng5 d5
9.exd6 e6 10.cxd4 Qxd6 11.Qf3 Qe7 12.Be3 Bg7 13.Qf4 h6 14.Nf3 e5 15.dxe5 Nxe5
16.O-O Nd3 17.Qg3 Be6 18.Bd4 O-O 19.Bxg7 Kxg7 20.Nd4 Nc5 21.Bxe6 fxe6 22.Nc3 Rad8
23.Rad1 Nd5 24.Qe5+ Kg8 25.Ne4 Nxe4 26.Qxe4 Rf6 27.Nf3 Qg7 28.Ne5 h5 29.g3 Rdf8
30.Nd3 Qf7 31.Rd2 b6 32.Re2 g5 33.Rfe1 Qg7 34.Qd4 Qf7 35.Re5 Qg6 36.a3 R8f7
37.Rxd5 exd5 38.Ne5 Re7 39.Nxg6 Rxe1+ 40.Kg2 Rxg6 41.Qxd5+ Kg7 42.Qd7+ Kh6
43.h4 Re5 44.Qd8 Rge6 45.Qh8+ Kg6 46.Qg8+ Kf6 47.hxg5+ Rxg5 48.Qh7 a5 49.Kh3 Rf5
50.f4 Rd5 51.Qh8+ Kf7 52.b4 axb4 53.axb4 Red6 54.Qh7+ Kf6 55.Kh4 Re6 56.Qg8 Red6
57.Qf8+ Ke6 58.Qg7 Rb5 59.Qg6+ Ke7 60.Qe4+ Kf6 61.Qe2 Rbd5 62.Qe8 Kg7 63.f5 Rf6
64.Qe7+ Rf7 65.Qg5+ Kf8 66.Qh6+ Kg8 67.f6 Re5 68.Qf4 Re6 69.Kg5  1-0

[Event "TCh-CRO"]
[Site "Pula CRO"]
[Date "2001.09.16"]
[Round "7"]
[White "Sermek,D"]
[Black "Radocaj,D"]
[Result "1-0"]
[WhiteElo "2579"]
[BlackElo "2359"]

1.e4 c5 2.c3 Nf6 3.e5 Nd5 4.Nf3 Nc6 5.Bc4 e6 6.d4 cxd4 7.cxd4 d6 8.O-O Be7
9.Qe2 O-O 10.Rd1 Na5 11.Bd3 Nb4 12.exd6 Qxd6 13.Be4 f5 14.Bd3 Nxd3 15.Rxd3 b6
16.b4 Nc4 17.Rc3 Ba6 18.b5 Bxb5 19.a4 Ba6 20.Na3 Rac8 21.Nxc4 Qd5 22.Nfe5 Bf6
23.Qc2 Qxd4 24.Bb2 Qf4 25.g3 Qe4 26.Qxe4 fxe4 27.Rcc1 Rc5 28.Ba3 Rxc4 29.Nxc4 Bxa1
30.Bxf8 Bxc4 31.Bd6 Bd5 32.Rxa1  1-0

[Event "ECC"]
[Site "Panormo GRE"]
[Date "2001.09.23"]
[Round "1"]
[White "Kajan,M"]
[Black "Petrenko,S"]
[Result "0-1"]
[WhiteElo "2087"]
[BlackElo "2357"]

1.e4 c5 2.c3 Nf6 3.e5 Nd5 4.d4 cxd4 5.Nf3 Nc6 6.cxd4 d6 7.Bc4 e6 8.O-O Be7
9.Bxd5 exd5 10.Bf4 O-O 11.exd6 Bxd6 12.Bxd6 Qxd6 13.Qb3 Bg4 14.Nbd2 b6 15.Rfe1 Bf5
16.a3 Rac8 17.Rac1 h6 18.Qe3 Na5 19.b4 Nc4 20.Nxc4 dxc4 21.Qe7 Qb8 22.Qe5 Qxe5
23.Rxe5 Bg4 24.Nd2 Rfd8 25.Rxc4 Rxc4 26.Nxc4 Rxd4 27.Ne3 Be6 28.f3 Rd2 29.a4 Rb2
30.Re4 Ra2 31.a5 bxa5 32.bxa5 Rxa5 33.Kf2 Ra2+ 34.Kg3 a5 35.Nd1 Bb3 36.Nc3 Rc2
37.Nb5 Rd2 38.Nc3 Rd3 39.Na4 Bxa4 40.Rxa4 Rd5 41.h4 Kf8 42.Kf4 Ke7 43.g4 Kd6
44.Re4 g5+ 45.Kg3 Re5 46.Rc4 Re8 47.Ra4 Ra8 48.f4 gxh4+ 49.Kxh4 Kc5 50.Kh5 Ra6
51.g5 hxg5 52.fxg5 Kb5 53.Rf4 Ra7 54.g6 fxg6+ 55.Kxg6 a4 56.Rf5+ Kc4 57.Rf4+ Kd5
58.Rf8 a3 59.Rd8+ Ke4 60.Re8+ Kf4 61.Rf8+ Kg4 62.Rf1 a2 63.Ra1 Kf4 64.Kf6 Ke4  0-1

[Event "ECC"]
[Site "Panormo GRE"]
[Date "2001.09.24"]
[Round "2"]
[White "Palkovi,J"]
[Black "Mastrovasilis,D"]
[Result "1/2-1/2"]
[WhiteElo "2446"]
[BlackElo "2435"]

1.e4 c5 2.c3 Nf6 3.e5 Nd5 4.Nf3 e6 5.Bc4 Nc6 6.d4 cxd4 7.cxd4 d6 8.a3 Be7
9.O-O O-O 10.Re1 Qc7 11.Bd3 Rd8 12.Qe2 b6 13.exd6 Qxd6 14.Nc3 Bb7 15.Bc2 Nf6
16.Be3 Rac8 17.Rad1 g6 18.Bg5 Nd5 19.Nxd5 Bxg5 20.Nc3 Bh6 21.d5 exd5 22.Nxd5 Qf8
23.Ba4 Kh8 24.b4 Bg7 25.Bb3 Re8 26.Qd2 Ne5  1/2-1/2

[Event "ECC"]
[Site "Panormo GRE"]
[Date "2001.09.24"]
[Round "2"]
[White "Kouvatsou,M"]
[Black "Horvath,Ta1"]
[Result "1/2-1/2"]
[WhiteElo "2234"]
[BlackElo "2356"]

1.e4 c5 2.c3 Nf6 3.e5 Nd5 4.d4 cxd4 5.Nf3 e6 6.cxd4 d6 7.a3 Bd7 8.Bd3 Bc6
9.O-O Nd7 10.Nbd2 dxe5 11.dxe5 Nc5 12.Ne4 Nc3 13.Nxc3 Qxd3 14.Nd4 Rc8 15.Nxc6 Rxc6
16.Bg5 Be7 17.Bxe7 Qxd1 18.Rfxd1 Kxe7 19.Nb5 Nb3 20.Rab1 Rc5 21.Nd6 Rxe5
22.Nxb7 Rb8 23.Nd6 Re2 24.Nc4 Rc8 25.Ne3 Nd2 26.Rbc1 Rxc1 27.Rxc1 Ne4 28.Rc2 Re1+
29.Nf1 Kd6 30.f3 Nf6 31.Kf2 Ra1 32.Ne3 Nd5 33.Nc4+ Ke7 34.Ne5 a6 35.Nc6+ Kd6
36.Nd8 f5 37.Nb7+ Ke5 38.Re2+ Kf6 39.Nc5 Nc7 40.Rd2 Rc1 41.b4 Ra1 42.a4 Rb1
43.Rd6 f4 44.Rc6 Nd5 45.Rxe6+ Kf7 46.Rxa6 Rb2+ 47.Ke1 Rxb4 48.a5 Rb1+ 49.Ke2 Rb2+
50.Ke1 Rb1+ 51.Kd2 Rb2+ 52.Ke1 Rb1+ 53.Kd2 Rb2+  1/2-1/2

[Event "ECC"]
[Site "Panormo GRE"]
[Date "2001.09.24"]
[Round "2"]
[White "Salai,L"]
[Black "Jansson,J"]
[Result "1/2-1/2"]
[WhiteElo "2418"]
[BlackElo "2227"]

1.e4 c5 2.c3 Nf6 3.e5 Nd5 4.d4 d6 5.exd6 Qxd6 6.Nf3 cxd4 7.cxd4 Bg4 8.Be2 Nc6
9.O-O e6 10.h3 Bh5 11.Nc3 Be7 12.Be3 O-O 13.Qb3 Rfd8 14.Rac1 Qb4 15.Nxd5 Rxd5
16.Qxb4 Bxb4 17.g4 Bg6 18.Bc4 Rdd8 19.Rfd1 Be4 20.Ne5 Ne7 21.a3 Ba5 22.f3 Bd5
23.Be2 Rac8 24.Nc4 Bc7 25.Kf2 f6 26.h4 Ng6 27.h5 Nf4 28.Bf1 g6 29.hxg6 hxg6
30.g5 fxg5 31.Ne5 Kg7 32.Kg3 Rf8 33.Kg4 Bb3 34.Re1 Rh8 35.Bxf4 Rh4+ 36.Kg3 Rxf4
37.Rc3 Bd5 38.Kf2 Bxe5 39.Rxc8 Rxf3+ 40.Ke2 Bxd4 41.Rec1 Bb6 42.Ke1 Rf7 43.Bc4 Bc6
44.Rc2 g4 45.Bxe6 Re7 46.R8xc6 bxc6 47.Re2 g3 48.Kf1 Bf2 49.Bh3 Rb7 50.b4 c5
51.Re4 Rc7 52.Rc4 Kf6 53.bxc5 Bxc5 54.Kg2 Ke5 55.Rc3 Rc6 56.a4 Ke4 57.Bg4 Kf4
58.Bf3 Rd6 59.Rc4+ Bd4 60.Rc6 Rd8 61.Rxg6 Bf2 62.Rg4+ Ke3 63.Re4+ Kd3 64.Re5 Rh8
65.Rh5 Re8 66.Rd5+ Kc4 67.Rb5 Re1 68.Rf5 Ra1 69.Rf4+ Kd3 70.Bc6 Ra2 71.Rf3+ Kd4
72.Rf5 Be1+ 73.Kf1 Bd2 74.Rf3 Ra1+ 75.Kg2 Be1 76.Rf5 Ra2+ 77.Kf1 Bb4 78.Rg5 Rf2+
79.Kg1 Rf6 80.Rg4+ Kc5 81.Bb7 Be1 82.Re4 Ba5 83.Re5+ Kb4 84.Re4+ Kc5 85.Re5+ Kb6
86.Rb5+ Kc7 87.Kg2 Be1 88.Bf3 Bf2 89.Rb4 Rh6 90.Rg4 Rd6 91.Re4 Rd2 92.Re2 Rd3
93.Re6 Ra3 94.Re4 Ra2 95.Be2 Kd6 96.Kf3 Ra3+ 97.Kg2 Be1 98.Bb5 Bf2 99.Be2 Ra1
100.Bf3 Ra3  1/2-1/2

[Event "Champions Cup"]
[Site "Cartagena de Indias COL"]
[Date "2001.09.29"]
[Round "2"]
[White "Garcia,Edu"]
[Black "Alzate,D"]
[Result "1/2-1/2"]
[WhiteElo "2172"]
[BlackElo "2430"]

1.e4 c5 2.c3 Nf6 3.e5 Nd5 4.d4 cxd4 5.Nf3 e6 6.cxd4 d6 7.Be2 Bd7 8.O-O Bc6
9.Bg5 Be7 10.Bxe7 Qxe7 11.Nbd2 Nf4 12.Nc4 dxe5 13.dxe5 O-O 14.Qd2 Nxe2+ 15.Qxe2 Nd7
16.Nd4 Bd5 17.Nd6 Rad8 18.f4 f6 19.N6b5 a6 20.Nc3 Qc5 21.Qe3 fxe5 22.fxe5 Rxf1+
23.Rxf1 Bc4 24.Re1 Nxe5 25.Nxe6 Nf3+ 26.gxf3 Qxe3+ 27.Rxe3 Re8 28.Kf2 Bxe6
29.Ne4 Rf8 30.a3 Bd5 31.Nc5 a5 32.Rd3 Bc6 33.Ne6 Ra8 34.Nd8 a4 35.Kg3 h6
36.Nxc6 bxc6 37.Rc3 Ra6 38.Kf4 Rb6 39.Rc2 Kf7 40.h4 Ke6 41.Ke4 g6 42.Rg2 Kf6
43.Rc2 Ke6 44.Rg2  1/2-1/2

[Event "Tatry Open"]
[Site "High Tatras SVK"]
[Date "2001.09.29"]
[Round "1"]
[White "Orsag,Mil"]
[Black "Volodin,V"]
[Result "0-1"]
[WhiteElo "2374"]
[BlackElo "2311"]

1.e4 c5 2.c3 Nf6 3.Qc2 Nc6 4.f4 d6 5.Nf3 e5 6.d3 Bg4 7.Be2 Nh5 8.f5 Bxf3
9.Bxf3 Nf6 10.O-O Be7 11.Be3 Nd7 12.Qd2 h6 13.Na3 Bg5 14.Nc2 Bxe3+ 15.Nxe3 Nf6
16.Rae1 Qd7 17.a3 O-O 18.b4 Rfb8 19.b5 Na5 20.b6 a6 21.Rb1 Nc6 22.Qa2 Rf8
23.Rfd1 h5 24.g3 g5 25.Rd2  0-1

[Event "ECC"]
[Site "Panormo GRE"]
[Date "2001.09.29"]
[Round "7"]
[White "Rozentalis,E"]
[Black "Palac,M"]
[Result "1/2-1/2"]
[WhiteElo "2588"]
[BlackElo "2578"]

1.e4 c5 2.c3 Nf6 3.e5 Nd5 4.Nf3 d6 5.Bc4 Nb6 6.Bb3 c4 7.Bc2 dxe5 8.Nxe5 Qd5
9.Qe2 f6 10.Nf3 Bf5 11.Bxf5 Qxf5 12.Na3 Qg4 13.O-O e5 14.b3 Bxa3 15.Bxa3 cxb3
16.axb3 Nc6 17.Qb5 Qe6 18.d4 Qd5 19.Bc5 Nd7 20.c4 Nxd4 21.Bxd4 Qxb5 22.cxb5 exd4
23.Nxd4 Kf7 24.Nf5 Nc5 25.Rac1 Ne6 26.Rfd1 Rhd8 27.Kf1 Rac8 28.Ra1 Rxd1+
29.Rxd1 Rc5 30.g4 g6 31.Rd7+ Kf8 32.b6 axb6 33.Ne3 Rc7 34.Rd6 Rc6 35.Rd7 Rc7
36.Rd6 Rc6 37.Rd7  1/2-1/2

[Event "Chigorin Mem Open"]
[Site "St Petersburg RUS"]
[Date "2001.10.01"]
[Round "7"]
[White "Feoktistov,A"]
[Black "Grebionkin,Vl"]
[Result "1/2-1/2"]
[WhiteElo "2363"]
[BlackElo "2475"]

1.e4 c5 2.c3 Nf6 3.e5 Nd5 4.d4 cxd4 5.cxd4 d6 6.Nf3 Nc6 7.Bc4 Nb6 8.Bb5 dxe5
9.Nxe5 Bd7 10.Nc3 Nxe5 11.dxe5 Bxb5 12.Nxb5 a6 13.Be3 Nc4 14.Qa4 axb5 15.Qxb5+ Qd7
16.Qxc4 Qc6 17.Qxc6+ bxc6 18.Ke2 e6 19.Rhc1 Kd7 20.Rc4 Be7 21.a3 Rhb8 22.b4 Ra6
23.Rd1+ Ke8 24.Rd3 Rb5 25.Rdc3 Kd7 26.Rf4 f6 27.Rg4 g6 28.exf6 Bxf6 29.Bd4 Bxd4
30.Rxd4+ Ke7 31.Re4 Rd5 32.h4 Kd6 33.Rce3 e5 34.f4 exf4 35.Rxf4 Re5 36.Rd4+ Ke6
37.Rd3 Ra7 38.Rxe5+ Kxe5 39.Kd2 Ke4 40.Kc2 Ra8 41.Rc3 Kd5 42.Kb3 Kd6 43.Rd3+ Kc7
44.Rf3 Re8 45.Rf7+ Kb6 46.Rxh7 Re3+ 47.Ka4 Rg3 48.Rg7 Rxg2 49.h5 g5 50.Rg6 Rg3
51.h6 Rh3 52.Rf6 Re3 53.Rd6 Rh3 54.Rg6 Rh1 55.Kb3 g4 56.a4 g3 57.a5+ Kb5
58.Rg5+ Ka6 59.Kc4 Rxh6 60.Kc5 Rh2 61.Rxg3 Rc2+ 62.Kd6 Rc4 63.Rb3 Kb7 64.Kd7 Rd4+
65.Ke6 Rc4 66.Kd6 Rc2 67.Ra3 Rc4 68.Rb3 Rc2 69.Ke5 Rc4 70.Rb1 Ka6 71.Ke6 Kb7
72.Kd6 Rc3 73.Ra1 Rc4 74.a6+ Ka7 75.Ra4 c5  1/2-1/2

[Event "Tatry Open"]
[Site "High Tatras SVK"]
[Date "2001.10.03"]
[Round "6"]
[White "Zambor,N"]
[Black "Antoniewski,R"]
[Result "0-1"]
[WhiteElo "2270"]
[BlackElo "2446"]

1.e4 c5 2.c3 Nf6 3.e5 Nd5 4.Nf3 e6 5.d4 cxd4 6.cxd4 b6 7.Bd3 Bb7 8.O-O d6
9.Nc3 Nxc3 10.bxc3 Nd7 11.Re1 Qc7 12.Bd2 Be7 13.Rc1 O-O 14.Bf4 Rac8 15.Qe2 g6
16.Bh6 Rfd8 17.Bg5 Bxf3 18.Qxf3 dxe5 19.dxe5 Nc5 20.Bf1 a6 21.c4 Rd7 22.Red1 Rcd8
23.h3 a5 24.Rxd7 Rxd7 25.Rd1 Rxd1 26.Qxd1 Nd7 27.Qe2 Bc5 28.Qe4 Nb8 29.Be3 Nd7
30.f4 Kg7 31.Be2 Qd8 32.Kh2 Bxe3 33.Qxe3 Nc5 34.Kg1 Qd7 35.Kh2 Kf8 36.Qc3 h5
37.Qb2 Qd8 38.Qc3 h4 39.Qe3 Kg7 40.Kg1 Kg8 41.Kh2 f6 42.Kg1 Kf7 43.Kh2 Nd7
44.Qf2 fxe5 45.fxe5+ Kg7 46.Qd4 Qe7 47.Bg4 Nc5 48.Kh1 Qf8 49.Bf3 g5 50.Qb2 Qd8
51.Qc1 Kh6 52.Qb1 Nd3 53.Qb5 Qd4 54.Qe8 Nf2+ 55.Kg1 Ng4+  0-1

[Event "ch-SLO"]
[Site "Grize SLO"]
[Date "2001.10.05"]
[Round "5"]
[White "Jeric,S"]
[Black "Jelen,Ig"]
[Result "1/2-1/2"]
[WhiteElo "2327"]
[BlackElo "2398"]

1.e4 c5 2.c3 Nf6 3.e5 Nd5 4.d4 cxd4 5.Nf3 Nc6 6.cxd4 d6 7.Bc4 Nb6 8.Bb3 dxe5
9.Nxe5 Nxe5 10.dxe5 Qxd1+ 11.Kxd1 Bf5 12.Ke2 e6 13.Nc3 Be7 14.Be3 O-O 15.Rhd1 Rfd8
16.h3 Nd7 17.f4 Nc5 18.Bc4 a6 19.g4 Bg6 20.Rxd8+ Rxd8 21.Rd1 Rxd1 22.Kxd1 Nd3
23.Bxd3 Bxd3 24.Ne2 Kf8 25.Kd2 Be4 26.Bd4 Ke8 27.g5 Kd7 28.Ke3 Bf5 29.h4 Kc6
30.Nc3 b5  1/2-1/2

[Event "12th NATO"]
[Site "San Remo ITA"]
[Date "2001.10.10"]
[Round "4"]
[White "Baudin,F"]
[Black "Bontempi,P"]
[Result "1/2-1/2"]
[WhiteElo "2132"]
[BlackElo "2302"]

1.e4 c5 2.c3 Nf6 3.e5 Nd5 4.d4 cxd4 5.cxd4 d6 6.Nf3 Nc6 7.Bc4 e6 8.O-O Be7
9.Qe2 O-O 10.Nc3 Nxc3 11.bxc3 dxe5 12.dxe5 Qa5 13.Qe4 Qxc3 14.Bd2 Qa3 15.Bd3 g6
16.Rfb1 f5 17.exf6 Bxf6 18.Rb3 Qd6 19.Rd1 Qd5 20.Qe2 Nd4 21.Nxd4 Bxd4 22.Be3 Bxe3
23.Qxe3 Qd6 24.h4 Qf4 25.Qe2 Qxh4 26.Bc4 Kg7 27.Rh3 Qg5 28.Qb2+ Qf6 29.Qd2 h5
30.Rf3 Qe7 31.Rxf8 Qxf8 32.Qd4+ Qf6 33.Qc5 Kh6 34.Qc7 Qg7 35.Qd8 b6 36.Bxe6 Bb7
37.Qd2+ g5 38.Qd6 Qf6 39.Qc7 Rf8 40.Qxb7 Qxe6  1/2-1/2

[Event "1st Chess Week"]
[Site "Winterthur SUI"]
[Date "2001.10.10"]
[Round "6"]
[White "Filipovic,Br"]
[Black "Philippe,C"]
[Result "1-0"]
[WhiteElo "2462"]
[BlackElo "2357"]

1.e4 c5 2.c3 Nf6 3.e5 Nd5 4.d4 cxd4 5.Nf3 Nc6 6.cxd4 d6 7.Bc4 Nb6 8.Bb3 dxe5
9.d5 Na5 10.Nc3 f6 11.O-O g6 12.Be3 Bg4 13.h3 Bxf3 14.Qxf3 Nxb3 15.axb3 Bg7
16.Rfd1 O-O 17.Bc5 Rf7 18.d6 exd6 19.Rxd6 Qc8 20.Bxb6 axb6 21.Rxa8 Qxa8 22.Qd5 Qa1+
23.Kh2 Qa5 24.Qe6 Qb4 25.Nd5  1-0

[Event "ULIM Cup"]
[Site "Kishnev MDA"]
[Date "2001.10.12"]
[Round "6"]
[White "Geru,V"]
[Black "Solonar,I"]
[Result "0-1"]
[WhiteElo "2112"]
[BlackElo "2344"]

1.e4 c5 2.c3 Nf6 3.e5 Nd5 4.d4 cxd4 5.Qxd4 e6 6.f4 Nc6 7.Qe4 f5 8.Qc2 Bc5
9.Nf3 a5 10.a3 b6 11.Qd3 a4 12.c4 Na5 13.b4 Nb3 14.cxd5 Ba6 15.Qc3 Bf2+ 16.Kxf2 Rc8
17.Qb2 Rxc1 18.Ra2 Bb7 19.Nbd2 Bxd5 20.Nxb3 axb3 21.Qxc1 bxa2 22.Bc4 a1=Q
23.Qxa1 Bxc4 24.Rc1 Bd5 25.Ng5 h6 26.Nh3 g5 27.g3 g4 28.Ng1 h5 29.Qc3 Bc6
30.Qd3 h4 31.b5 hxg3+ 32.hxg3 Rh2+ 33.Ke3 Rg2 34.Kd4 Be4 35.Qe3 Qa8 36.Qb3 Rd2+
37.Ke3 Rd3+ 38.Qxd3 Bxd3 39.Kxd3 Qxa3+ 40.Rc3 Qb4 41.Ne2 Qxb5+  0-1

[Event "Lasker Autumn IM"]
[Site "Bucharest ROM"]
[Date "2001.10.13"]
[Round "1"]
[White "Murariu,A"]
[Black "Jianu,V"]
[Result "0-1"]
[WhiteElo "2348"]
[BlackElo "2397"]

1.e4 c5 2.c3 Nf6 3.e5 Nd5 4.d4 cxd4 5.Nf3 e6 6.cxd4 d6 7.Nc3 Nxc3 8.bxc3 Qc7
9.Bd2 Nd7 10.Bd3 dxe5 11.O-O Be7 12.Nxe5 Nxe5 13.Bf4 Bd6 14.dxe5 Bxe5 15.Bb5+ Ke7
16.Bxe5 Qxe5 17.Qa4 Qc5 18.Rfd1 a6 19.Be2 b5 20.Qe4 Rb8 21.a4 Bb7 22.Qh4+ g5
23.Qg3 Rhd8 24.axb5 axb5 25.Rdb1 Be4 26.Rb4 Bg6 27.h3 h6 28.Ra5 Rdc8 29.Rc4 bxc4
30.Rxc5 Rb1+ 31.Kh2 Rxc5 32.Qe3 Rc7 33.Qe5 Rc8 34.Qd4 Ra1 35.Qb6 Kf6 36.h4 Ra2
37.Bf3 Rd2 38.Bb7 Rcd8 39.Qc7 R8d7 40.hxg5+ hxg5 41.Qc6 R2d3 42.g4 Rd2 43.Kg2 R7d5
44.Qb6 Be4+ 45.Kh2 Rd6 46.Qc5 Bxb7 47.Qxc4 Rd1 48.Qb4 Rh1+ 49.Kg3 Rg1+ 50.Kh3 Rd3+
51.f3 Bxf3 52.Qf8 Bd5+  0-1

[Event "ULIM Cup"]
[Site "Kishnev MDA"]
[Date "2001.10.13"]
[Round "7"]
[White "Fingerov,D"]
[Black "Petrenko,S"]
[Result "1-0"]
[WhiteElo "2419"]
[BlackElo "2336"]

1.e4 c5 2.c3 Nf6 3.e5 Nd5 4.d4 cxd4 5.Nf3 Nc6 6.cxd4 d6 7.Bc4 e6 8.O-O Be7
9.Qe2 O-O 10.Rd1 a6 11.exd6 Bxd6 12.Nc3 Nxc3 13.bxc3 Qc7 14.Bd3 g6 15.c4 Nb4
16.Be4 Bd7 17.Bd2 Nc6 18.Rac1 Bf4 19.d5 Bxd2 20.Qxd2 Na5 21.Qh6 Ba4 22.Ng5 f5
23.Nxe6 Qe7 24.d6 Qf6 25.Bd5 Kh8 26.Nxf8 Rxf8 27.Re1  1-0

[Event "4th WCh U20 Team"]
[Site "Rio de Janeiro BRA"]
[Date "2001.10.13"]
[Round "4"]
[White "Gastiaburo,H"]
[Black "Bittencourt,J"]
[Result "1/2-1/2"]
[WhiteElo "2244"]
[BlackElo "2264"]

1.e4 c5 2.c3 Nf6 3.e5 Nd5 4.d4 cxd4 5.Nf3 e6 6.cxd4 b6 7.Nc3 Nxc3 8.bxc3 Qc7
9.Bd2 d6 10.Bd3 Nd7 11.O-O Bb7 12.Ng5 dxe5 13.Qh5 g6 14.Qh3 Be7 15.Rfe1 Qd8
16.Nxe6 fxe6 17.Bxg6+ hxg6 18.Qxh8+ Nf8 19.Qxe5 Qd5 20.f3 Qxe5 21.Rxe5 Bd5
22.Be1 Rc8 23.a4 a5 24.Re2 Rc4 25.Rb2 Nd7 26.Kf2 Bc6 27.Rba2 Bh4+ 28.g3 Bd8
29.h4 Nf6  1/2-1/2

[Event "ULIM Cup"]
[Site "Kishnev MDA"]
[Date "2001.10.14"]
[Round "8"]
[White "Prociuc,E"]
[Black "Partac,E"]
[Result "0-1"]
[WhiteElo "2020"]
[BlackElo "2178"]

1.e4 c5 2.c3 Nf6 3.e5 Nd5 4.d4 cxd4 5.cxd4 d6 6.Nf3 e6 7.Be2 Be7 8.O-O O-O
9.Bd2 b6 10.Nc3 Bb7 11.Nxd5 Bxd5 12.Ne1 Nc6 13.Bc3 dxe5 14.dxe5 Qc7 15.f4 Rfd8
16.Qc2 Qb7 17.Bf3 Rac8 18.Bxd5 Rxd5 19.Qb3 Rcd8 20.Nc2 Bc5+ 21.Kh1 b5 22.a4 b4
23.Be1 Qa6 24.Qf3 b3 25.Ne3 Bxe3 26.Bh4 Bd4 27.Bxd8 Rxd8 28.Rfd1 Qb6 29.h3 h6
30.Rd3 Rb8 31.Rad1 Bxb2 32.Rb1  0-1

[Event "5th Itau Cup"]
[Site "Sao Paulo BRA"]
[Date "2001.10.14"]
[Round "2"]
[White "Machado,G"]
[Black "Zapata,A"]
[Result "0-1"]
[WhiteElo "2085"]
[BlackElo "2530"]

1.e4 c5 2.c3 Nf6 3.e5 Nd5 4.d4 cxd4 5.Nf3 e6 6.cxd4 d6 7.Nc3 Nxc3 8.bxc3 Qc7
9.Bd2 Nd7 10.exd6 Bxd6 11.Bd3 b6 12.O-O Bb7 13.h3 O-O 14.Qe2 Rac8 15.a4 Bd5
16.Ba6 Bc4 17.Bxc4 Qxc4 18.Qxc4 Rxc4 19.a5 b5 20.a6 Rb8 21.Rfb1 Ra4 22.Rxa4 bxa4
23.Ra1 Nb6 24.Ne5 Rc8 25.c4 Nxc4 26.Rc1 Bxe5 27.dxe5 Rc6 28.f4 h6 29.Be3 a3
30.Bd4 Nxe5 31.Rb1 Nd3 32.Rb8+ Kh7 33.Rb7 Rc4 34.Ba1 Rc1+ 35.Kh2 Rxa1 36.Rxa7 a2  0-1